Statistiques concernant [Album] Thriller - Michael Jackson

Cliquez ici pour prendre le quiz!

Statistiques générales

  • Ce quiz a été pris 198 fois
  • Le résultat moyen est 7 sur 9

Statistiques - réponses

Réponse% Correct
Thriller
99%
Billie Jean
92%
Beat It
91%
P.Y.T.
70%
The Girl Is Mine
66%
Human Nature
63%
Wanna Be Startin' Somethin'
61%
Baby Be Mine
59%
The Lady in My Life
53%

Distribution des résultats

Percentile par nombre de réponses

% des personnes avec chaque résultat

Votre développement - résultats

Vous n’avez pas pris ce quiz